| 000 | 00889nam a2200193 i 4500 | ||
|---|---|---|---|
| 001 | bg | ||
| 245 | 0 |
_aPrace w ramach międzynarodowej współpracy z zakresu technologii laserowych, technik wytwarzania i kontroli jakości : _breferaty przedstawione na zebraniu Sekcji Podstaw Technologii w Politechnice Świętokrzyskiej w dniach 14-15 kwietnia 1997 r. / _cSekcja Podstaw Technologii Komitetu Budowy Maszyn PAN, Wydział Mechaniczny PŚ, Centrum Laserowych Technologii Metali PŚ i PAN. |
|
| 260 |
_aKielce : _bPŚ, _c1997. |
||
| 300 |
_a174 s. : _bfot., rys., wykr. ; _c24 cm. |
||
| 504 | _aBibliogr., streszcz., summ. przy ref. -Indeks słów kluczowych. | ||
| 650 | 9 | _aTechnologia | |
| 650 | 9 | _aSkrawanie | |
| 655 | _aMateriały konferencyjne | ||
| 040 | _cBPK | ||
| 041 | 0 |
_apl _benpl |
|
| 080 | _a621.7:621.9](061.3) | ||
| 942 | _cKS | ||
| 008 | s pl f |000 0 pol | ||
| 999 |
_c31672 _d31672 |
||
| 856 |
_uhttp://koha.tu.koszalin.pl/cgi-bin/koha/opac-detail.pl?biblionumber=31672 _yKatalog online BPK |
||